000
00244nam a2200109Ia 4500
008
190912s9999||||xx |||||||||||||| ||und||
100
_a
M.C.Shukla
245
0
_a
Mercantile Law
260
_a
Canada
_b
Pearson
_c
2010
300
_a
56
942
_c
BK
999
_c
7236
_d
7236